书目信息 |
| 题名: |
文学概论
|
|
| 作者: | 蔡仪 主编 | |
| 分册: | ||
| 出版信息: | 北京 人民文学出版社 1979.06 |
|
| 页数: | 330页 | |
| 开本: | 20cm | |
| 丛书名: | ||
| 单 册: | ||
| 中图分类: | I02 | |
| 科图分类: | ||
| 主题词: | 文学理论--基本问题 | |
| 电子资源: | ||
| ISBN: | ||
| 000 | 00616nam0 2200205 45 | |
| 001 | 0198019931 | |
| 005 | 20040424102927.8 | |
| 010 | @dCNY0.81 | |
| 091 | @a10019.2798 | |
| 100 | @a19980408d1979 em y0chiy0121 ea | |
| 101 | 0 | @achi |
| 105 | @ay z 000zy | |
| 200 | 10 | @a文学概论@Awen xue gai lun@f蔡仪主编@FCai Yi Zhu Bian |
| 210 | @a北京@c人民文学出版社@d1979.06 | |
| 215 | @a330页@d20cm | |
| 606 | 0 | @a文学理论@x基本问题 |
| 690 | @aI02@v3 | |
| 701 | 0 | @a蔡仪@4主编 |
| 801 | @aCN@bTSTC@c20030927 | |
| 905 | @dI02@e6@f3@b178656-658@b60780-782@f3@b60784-786@f2@b14803-804@f1@b126266@f1@b14798@f1@b14819@f1@b14811@f3 | |
| 文学概论/蔡仪主编.-北京:人民文学出版社,1979.06 |
| 330页;20cm |
| ISBN :CNY0.81 |
| ● |
| 相关链接 |
|
|
|
|
正题名:文学概论
索取号:I02/6
 
预约/预借
| 序号 | 登录号 | 条形码 | 馆藏地/架位号 | 状态 | 备注 |
| 1 | 0014795 | 202068564 | 第一样本阅览室/ [索取号:I02/6] | 在馆 | |
| 2 | 0014796 | 001923075 | 密集书库/ [索取号:I02/6] | 在馆 | |
| 3 | 0014798 | 000840479 | 密集书库/ [索取号:I02/6] | 在馆 | |
| 4 | 0014799 | 001919473 | 密集书库/ [索取号:I02/6] | 在馆 | |
| 5 | 0014802 | 001923093 | 密集书库/ [索取号:I02/6] | 在馆 | |
| 6 | 0014803 | 000840442 | 密集书库/ [索取号:I02/6] | 在馆 | |
| 7 | 0014804 | 000840406 | 密集书库/ [索取号:I02/6] | 在馆 | |
| 8 | 0014806 | 001923084 | 密集书库/ [索取号:I02/6] | 在馆 | |
| 9 | 0014811 | 000840424 | 密集书库/ [索取号:I02/6] | 在馆 | |
| 10 | 0014813 | 001919552 | 密集书库/ [索取号:I02/6] | 在馆 | |
| 11 | 0014818 | 001919516 | 密集书库/ [索取号:I02/6] | 在馆 | |
| 12 | 0014819 | 000840488 | 密集书库/ [索取号:I02/6] | 在馆 | |
| 13 | 0014821 | 001896283 | 密集书库/ [索取号:I02/6] | 在馆 | |
| 14 | 0014823 | 001896309 | 密集书库/ [索取号:I02/6] | 在馆 | |
| 15 | 0014824 | 001903417 | 密集书库/ [索取号:I02/6] | 在馆 | |
| 16 | 0060780 | 000840399 | 密集书库/ [索取号:I02/6] | 在馆 | |
| 17 | 0060781 | 000840415 | 密集书库/ [索取号:I02/6] | 在馆 | |
| 18 | 0060782 | 000840344 | 第二借阅区/ [索取号:I02/6] | 在馆 | |
| 19 | 0060784 | 000840451 | 密集书库/ [索取号:I02/6] | 在馆 | |
| 20 | 0060785 | 000840380 | 密集书库/ [索取号:I02/6] | 在馆 | |
| 21 | 0060786 | 000840460 | 密集书库/ [索取号:I02/6] | 在馆 | |
| 22 | 0126266 | 000840317 | 密集书库/ [索取号:I02/6] | 在馆 | |
| 23 | 0178655 | 000840353 | 密集书库/ [索取号:I02/6] | 在馆 | |
| 24 | 0178656 | 000840433 | 密集书库/ [索取号:I02/6] | 在馆 | |
| 25 | 0178657 | 000840371 | 密集书库/ [索取号:I02/6] | 在馆 |